| 000 | 01057nam a2200205 a 4500 | ||
|---|---|---|---|
| 008 | 120416s1982 ||||||||||||||||| || u | ||
| 050 | _aHF 5635 Dav | ||
| 100 | _aDavidson, Sidney | ||
| 245 | 1 | 0 | _aFinancial accounting |
| 246 | _aan introduction to concepts, methods and uses | ||
| 250 | _a3rd ed. | ||
| 260 |
_aNew York _bDryden Press _c1982 |
||
| 300 | _axvi, 773p. : ill | ||
| 350 | _a0.00 | ||
| 700 | _aWeil, Roman L | ||
| 995 |
_aANNEX COLLECTION (Main Library) _D0.00 _e704385 _FCBU-MAIN LIBRARY (Kitwe) _H4 _I0.00 _jHF 5635 Dav _UAVAILABLE _y005535 _ZAnnex Low-Usage Collection |
||
| 995 |
_aANNEX COLLECTION (Main Library) _D0.00 _e704249 _FCBU-MAIN LIBRARY (Kitwe) _H2 _I0.00 _jHF 5635 Dav _UAVAILABLE _y005533 _ZAnnex Low-Usage Collection |
||
| 995 |
_aANNEX COLLECTION (Main Library) _D0.00 _e704250 _FCBU-MAIN LIBRARY (Kitwe) _H1 _I0.00 _jHF 5635 Dav _M4 _UAVAILABLE _y005534 _ZAnnex Low-Usage Collection |
||
| 995 |
_aMAIN LIBRARY OPEN ACCESS _D0.00 _e005532 _FCBU-MAIN LIBRARY (Kitwe) _H3 _I0.00 _jHF 5635 Dav _UAVAILABLE _y005532 _ZMain Library Open Access Collection |
||
| 999 |
_c63046 _d63046 |
||